000 00454nam a22001577a 4500
003 BD-ChCU
005 20230926113859.0
008 230926b ii ||||| |||| 00| 0 eng d
020 _a9788131804445
040 _cBD-ChCU
082 _222
_a570.15195
_bA285b
100 _aAhmad,Qazi Shoeb.
_93259
245 _aBiostatistics /
_cQazi. Shoeb Ahmad. and Mohd Vaseem. Ismail
260 _aNew Delhi :
_bUniversity Science Press.
_cc2012
942 _2ddc
_cBK
_n0
999 _c103190
_d103190